Trabajo social, formación profesional y la categoría trabajo /
La presente investigación introduce la discusión sobre la categoría trabajo, aportando sobre su contenido teórico y ontológico, así como a su relación con la formación profesional de Trabajo Social, comprendiendo dicha categoría como fundante del ser social, la cual orienta la comprensión de las rel...
Furkejuvvon:
| Váldodahkki: | |
|---|---|
| Materiálatiipa: | Texto |
| Fáttát: | |
| Fáddágilkorat: |
Lasit fáddágilkoriid
Eai fáddágilkorat, Lasit vuosttaš fáddágilkora!
|
MARC
| LEADER | 00000 a a2200000 04500 | ||
|---|---|---|---|
| 001 | 40559 | ||
| 003 | |||
| 040 | |||
| 100 | |a Fallas Jiménez, Yessenia | ||
| 245 | |a Trabajo social, formación profesional y la categoría trabajo / |c Yessenia Fallas Jiménez | ||
| 500 | |a yesseisa@gmail.com | ||
| 520 | |a La presente investigación introduce la discusión sobre la categoría trabajo, aportando sobre su contenido teórico y ontológico, así como a su relación con la formación profesional de Trabajo Social, comprendiendo dicha categoría como fundante del ser social, la cual orienta la comprensión de las relaciones sociales en un escenario mundial, así como la historia del sujeto mismo. | ||
| 590 | |a SJB/DICIEMBRE2011 | ||
| 650 | |a TRABAJO SOCIAL | ||
| 650 | |a FORMACION PROFESIONAL | ||
| 650 | |a POLITICA SOCIAL | ||
| 650 | |a TRABAJO | ||
| 650 | |a ESTADO | ||
| 650 | |a MARXISMO | ||
| 773 | |g volumen88, número1 (2009), páginas 67-76 | ||
| 999 | |c 39452 |d 39452 | ||
